00246nam a22000857a 4500008004100000082001600041100002200057245007200079300000900151230621b xxu||||| |||| 00| 0 eng d a328.59bMAL cParlimen Malaysia aPeraturan-peraturan Majlis MesyuaratbStanding Orders of the Senate a250p